01653naa a2200301 a 450000100080000000500110000800800410001902400310006010000210009124501620011226000090027452007270028365000260101065000110103665000170104765000170106465000270108170000190110870000180112770000220114570000200116770000190118770000210120670000160122770000250124370000210126877300620128921612662026-03-13 2023 bl uuuu u00u1 u #d7 a10.1089/mdr.2022.02292DOI1 aMARINI, P. V. B. aWhole Genome Sequencing of an Extensively Drug-Resistant Raoultella planticola Isolate Containing blaKPC-2, blaNDM-1, and blaCTX-M-15.h[electronic resource] c2023 aRaoultella planticola harboring genes that confer resistance to antimicrobials, such as carbapenems, have been associated with severe infections in immunocompromised patients. In this study, we reported the first whole genome sequence of a Brazilian isolate of R. planticola and the genomic context of antibiotic resistance markers. By whole-genome sequencing (WGS) of a carbapenem-resistant R. planticola isolate, RpHUM1, we found 23 resistance-encoding genes belonging to 9 classes of antibiotics (aminoglycosides, β-lactams, fluoroquinolones, fosfomycin, macrolides, phenicols, sulfonamides, tetracycline, and diaminopyrimidine derivatives) and 3 plasmids (RpHUM1pEaer-4382s, RpHUM1_pFDAARGOS_440, and RpHUM1pRSF1010). aAntibiotic resistance aGenome aAntibiótico aResistência aResistência Genética1 aTAVARES, E. R.1 aMOTTER, C. W.1 aMIGLIORINI, L. B.1 aSALES, R. O. de1 aFEDRIGO, N. H.1 aSHINOHARA, D. R.1 aHUNGRIA, M.1 aYAMADA-OGATTA, S. F.1 aTOGNIM, M. C. B. tMicrobial Drug Resistancegv. 29, n. 9, p. 392-400, 2023.